000 00860nam0a22002651 4500
001 rc\3665653
005 20250610055928.0
021 _aRU
_bРг8539-69
035 _a(NLR Aleph) 007742624
090 _a7176056
_c7176056
100 _a20130115d1969 |||y0rusy50 ca
101 0 _arus
_abel
102 _aRU
105 _aa z |||||
200 1 _aКурган Славы
_e[Фотоальбом]
_f[Тэкст Б. Стральцова
_gФатаграфii А. Глiнскага] [и др.]
210 _aМинск
_cБеларусь
_d1969
215 _a[7] с.
_cил.
_d20х20
300 _aТекст парал. на рус. и белорус. яз.
701 1 _aСтральцов
_bБ.
702 1 _aГлiнский
_bА.
_4440
801 0 _aRU
_bNLR
_gpsbo
801 1 _aRU
_bELAR
_2rusmarc
852 _aNLR
_jЭ АлИс435/1-9
942 _cBOOK
980 _aNB